[Event "Faxe op"]
[Site "Faxe"]
[Date "2000.05.03"]
[Round "7"]
[White "Refsgaard, Kaj"]
[Black "Manly, Arne"]
[Result "1-0"]
[WhiteElo "1663"]
[BlackElo "1500"]
[PlyCount "75"]
[EventDate "2000.03.15"]
[EventType "swiss"]
[EventRounds "7"]
[EventCountry "DEN"]
[SourceTitle "EXT 2025"]
[Source "ChessBase"]
[SourceDate "2024.10.14"]
[SourceVersion "1"]
[SourceVersionDate "2024.10.14"]
[SourceQuality "1"]

1. d4 d5 2. c4 e6 3. Nf3 c5 4. e3 Nc6 5. Nc3 a6 6. cxd5 exd5 7. Be2 Nf6 8. 0-0 c4 9. b3 b5 10. bxc4 bxc4 11. Bb2 Rb8 12. Rb1 Bf5 13. Qa4 Qc7 14. e4 Bxe4 15. Nxe4 Nxe4 16. Rfe1 Bd6 17. Bxc4 Rb4 18. Qxa6 0-0 19. Bb3 Rfb8 20. Qd3 Nf6 21. Ba3 R4b7 22. Bxd6 Qxd6 23. Ne5 Nd7 24. Nxc6 Qxc6 25. Rbc1 Qd6 26. Re2 Nf6 27. Rce1 h6 28. Re5 Rc7 29. Bxd5 Rbc8 30. Bb3 Rc1 31. g3 Qb4 32. Rxc1 Rxc1+ 33. Kg2 Rc3 34. Qf5 Qb7+ 35. Bd5 Qb6 36. Re8+ Nxe8 37. Qxf7+ Kh7 38. Be4+ 1-0